<?xml version="1.0" encoding="UTF-8"?>
<record
    xmlns:xsi="http://www.w3.org/2001/XMLSchema-instance"
    xsi:schemaLocation="http://www.loc.gov/MARC21/slim http://www.loc.gov/standards/marcxml/schema/MARC21slim.xsd"
    xmlns="http://www.loc.gov/MARC21/slim">

  <leader>01040nas a22003017a 4500</leader>
  <controlfield tag="001">22</controlfield>
  <controlfield tag="003">BR-CuiBMT</controlfield>
  <controlfield tag="005">20231123233847.0</controlfield>
  <controlfield tag="008">230728c2008    mtbfr p      s0   a1por d</controlfield>
  <datafield tag="022" ind1=" " ind2=" ">
    <subfield code="a">2178-8456</subfield>
  </datafield>
  <datafield tag="040" ind1=" " ind2=" ">
    <subfield code="a">BR-CuiBMT</subfield>
    <subfield code="c">BR-CuiBMT</subfield>
  </datafield>
  <datafield tag="041" ind1=" " ind2=" ">
    <subfield code="a">por</subfield>
    <subfield code="b">por</subfield>
  </datafield>
  <datafield tag="080" ind1=" " ind2=" ">
    <subfield code="2">2007</subfield>
    <subfield code="a">33</subfield>
    <subfield code="x">(05)</subfield>
  </datafield>
  <datafield tag="090" ind1=" " ind2=" ">
    <subfield code="d">Peri&#xF3;dico </subfield>
    <subfield code="a">33(05)</subfield>
  </datafield>
  <datafield tag="245" ind1="0" ind2="0">
    <subfield code="a">Revista TCE Mato Grosso</subfield>
  </datafield>
  <datafield tag="246" ind1="3" ind2="0">
    <subfield code="a">Revista T&#xE9;cnica do Tribunal de Contas do Estado de Mato Grosso</subfield>
  </datafield>
  <datafield tag="260" ind1=" " ind2=" ">
    <subfield code="a">Cuiab&#xE1; :</subfield>
    <subfield code="b">TCE-MT,</subfield>
    <subfield code="c">2008-</subfield>
  </datafield>
  <datafield tag="300" ind1=" " ind2=" ">
    <subfield code="a">v. :</subfield>
    <subfield code="b">il. ;</subfield>
    <subfield code="c">28 cm</subfield>
  </datafield>
  <datafield tag="310" ind1=" " ind2=" ">
    <subfield code="a">Semestral</subfield>
    <subfield code="b">2008-</subfield>
  </datafield>
  <datafield tag="362" ind1="0" ind2=" ">
    <subfield code="a">No. 2 (2008)-</subfield>
  </datafield>
  <datafield tag="530" ind1=" " ind2=" ">
    <subfield code="a">Dispon&#xED;vel tamb&#xE9;m em vers&#xE3;o online.</subfield>
  </datafield>
  <datafield tag="590" ind1=" " ind2=" ">
    <subfield code="a">Data de in&#xED;cio da cole&#xE7;&#xE3;o na Biblioteca: 2008-</subfield>
  </datafield>
  <datafield tag="650" ind1=" " ind2=" ">
    <subfield code="a">Finan&#xE7;as p&#xFA;blicas</subfield>
    <subfield code="v">Peri&#xF3;dicos</subfield>
  </datafield>
  <datafield tag="710" ind1="2" ind2=" ">
    <subfield code="a">Mato Grosso.</subfield>
    <subfield code="b">Tribunal de Contas.</subfield>
  </datafield>
  <datafield tag="780" ind1="0" ind2="0">
    <subfield code="t">Revista do Tribunal de Contas do Estado de Mato Grosso</subfield>
    <subfield code="g">No. 15 (1998)-</subfield>
    <subfield code="w">(BR-CuiBMT) 916</subfield>
  </datafield>
  <datafield tag="856" ind1="4" ind2=" ">
    <subfield code="u">https://www.tce.mt.gov.br/publicacao/revista-tce/4</subfield>
    <subfield code="y">Dispon&#xED;vel tamb&#xE9;m online.</subfield>
    <subfield code="9">28/07/2023</subfield>
  </datafield>
  <datafield tag="942" ind1=" " ind2=" ">
    <subfield code="2">udc</subfield>
    <subfield code="c">REV</subfield>
  </datafield>
  <datafield tag="952" ind1=" " ind2=" ">
    <subfield code="0">0</subfield>
    <subfield code="1">0</subfield>
    <subfield code="2">udc</subfield>
    <subfield code="4">0</subfield>
    <subfield code="7">0</subfield>
    <subfield code="8">CCODE</subfield>
    <subfield code="a">BIBTCEMT</subfield>
    <subfield code="b">BIBTCEMT</subfield>
    <subfield code="d">2023-07-28</subfield>
    <subfield code="h">n. 2, ago. 2008</subfield>
    <subfield code="l">0</subfield>
    <subfield code="o">Peri&#xF3;dico 33(05)</subfield>
    <subfield code="p">BIBTCEMT23070024</subfield>
    <subfield code="r">2023-07-28</subfield>
    <subfield code="t">Ex. 1</subfield>
    <subfield code="w">2023-07-28</subfield>
    <subfield code="y">REV</subfield>
  </datafield>
  <datafield tag="952" ind1=" " ind2=" ">
    <subfield code="0">0</subfield>
    <subfield code="1">0</subfield>
    <subfield code="2">udc</subfield>
    <subfield code="4">0</subfield>
    <subfield code="7">0</subfield>
    <subfield code="8">CCODE</subfield>
    <subfield code="a">BIBTCEMT</subfield>
    <subfield code="b">BIBTCEMT</subfield>
    <subfield code="d">2023-07-28</subfield>
    <subfield code="h">n. 2, ago. 2008</subfield>
    <subfield code="l">0</subfield>
    <subfield code="o">Peri&#xF3;dico 33(05)</subfield>
    <subfield code="p">BIBTCEMT23070025</subfield>
    <subfield code="r">2023-07-29</subfield>
    <subfield code="t">Ex. 2</subfield>
    <subfield code="w">2023-07-29</subfield>
    <subfield code="y">REV</subfield>
  </datafield>
  <datafield tag="952" ind1=" " ind2=" ">
    <subfield code="0">0</subfield>
    <subfield code="1">0</subfield>
    <subfield code="2">udc</subfield>
    <subfield code="4">0</subfield>
    <subfield code="7">0</subfield>
    <subfield code="8">CCODE</subfield>
    <subfield code="a">BIBTCEMT</subfield>
    <subfield code="b">BIBTCEMT</subfield>
    <subfield code="d">2023-11-23</subfield>
    <subfield code="h">n. 2, ago. 2008</subfield>
    <subfield code="l">0</subfield>
    <subfield code="o">Peri&#xF3;dico 33(05)</subfield>
    <subfield code="p">BIBTCEMT23110983</subfield>
    <subfield code="r">2023-11-23</subfield>
    <subfield code="t">Ex. 3</subfield>
    <subfield code="w">2023-11-23</subfield>
    <subfield code="y">REV</subfield>
  </datafield>
  <datafield tag="999" ind1=" " ind2=" ">
    <subfield code="c">22</subfield>
    <subfield code="d">22</subfield>
  </datafield>
</record>
